000 01203cam a2200133 4500500
005 20251214005407.0
041 _afre
042 _adc
100 1 0 _aMairesse, François
_eauthor
245 0 0 _aGestion de projets culturels : Conception, mise en oeuvre, direction
260 _bArmand Colin,
_c2020.
520 _aQu’il s’agisse de concevoir une exposition temporaire, monter un spectacle ou un événement, organiser un festival, préparer un catalogue, la gestion d’un projet culturel répond à des critères et contraintes qui lui sont propres. La nouvelle édition de cet ouvrage présente la démarche générale et les différentes étapes de la gestion d’un projet culturel (analyse de l’environnement, organisation du temps et des ressources, cadre légal, financement, communication, etc.). De nombreux exemples et études de cas (préparation d’un festival, accueil du public, budget d’une création théâtrale, etc.), proposés par des professionnels du secteur, illustrent les spécificités de la gestion en mode projet dans le domaine culturel.
856 4 1 _uhttps://shs.cairn.info/gestion-de-projets-culturels--9782200628048?lang=fr&redirect-ssocas=7080
999 _c1568812
_d1568812